Clic Académiciens ou Non ? (3) - Statistiques

Statistiques générales
  • Ce quiz a été pris 6 fois
  • Le résultat moyen est 14 sur 30
Statistiques - réponses
Hint Réponse % Correct
Edmond Rostand (1868-1918) Académicien(ne)
100%
Jacques-Bénigne Bossuet (1627-1704) Académicien(ne)
75%
Marguerite Yourcenar (1903-1987) Académicien(ne)
75%
Jean-Jacques-Régis de Cambacérès (1753-1824) Académicien(ne)
75%
Albert Camus (1913-1960) Pas Académicien(ne)
75%
Marcel Proust (1871-1922) Pas Académicien(ne)
75%
Louis XIV (1638-1715) Pas Académicien(ne)
75%
Frédéric Mitterrand (1947-2024) Pas Académicien(ne)
75%
Émile Zola (1840-1902) Pas Académicien(ne)
75%
Alain Finkielkraut (1949) Académicien(ne)
50%
Montesquieu (1689-1755) Académicien(ne)
50%
Tristan L'Hermite (1601-1655) Académicien(ne)
50%
Jean Richepin (1849-1926) Académicien(ne)
50%
Jean Raspail (1925-2020) Pas Académicien(ne)
50%
Jean Genet (1910-1986) Pas Académicien(ne)
50%
Paul Verlaine (1844-1896) Pas Académicien(ne)
50%
Gustave Flaubert (1821-1880) Pas Académicien(ne)
50%
Louis Bourdaloue (1632-1704) Pas Académicien(ne)
50%
Anna de Noailles (1876-1933) Pas Académicien(ne)
50%
Henry de Monfreid (1879-1974) Pas Académicien(ne)
50%
Victor Hugo (1802-1885) Académicien(ne)
25%
Maxime Weygand (1867-1965) Académicien(ne)
25%
Pierre Corneille (1606-1684) Académicien(ne)
25%
Alphonse de Lamartine (1790-1869) Académicien(ne)
25%
Henri Beyle dit Stendhal (1783-1842) Pas Académicien(ne)
25%
Colette (1873-1954) Pas Académicien(ne)
25%
François Mitterrand (1916-1996) Pas Académicien(ne)
25%
Albert Schweitzer (1875-1965) Pas Académicien(ne)
0%
Armand Salacrou (1899-1989) Pas Académicien(ne)
0%
Honoré-Gabriel Riqueti de Mirabeau (1749-1791) Pas Académicien(ne)
0%
Aucun quiz correspondant
Distribution des résultats
% des personnes avec chaque résultat
Percentile par nombre de réponses
Votre historique - résultats
Vous n’avez pas pris ce quiz